000 00364 a2200145 4500
999 _c8440
_d8440
020 _a090831132
050 _aPR9390.9 HOV 1991
100 _aHove, Chenjerai
_eauthor
245 _aShadows :
_cChenjerai Hove
264 _aHarare :
_bBaobab Books,
_c1991.
300 _a108p. :
500 _aNovel
650 _aFiction---Zimbabwe
942 _2lcc
_cBK
_h9390.9
_iHOV
_kPR